Central Library OPAC University of Rajshahi

Trees on the cliff : (Record no. 23109)

MARC details
000 -LEADER
fixed length control field 00722nam a22002417i 4500
001 - CONTROL NUMBER
control field 23109
003 - CONTROL NUMBER IDENTIFIER
rucl marc code BD-RjUL
005 - DATE AND TIME OF LATEST TRANSACTION
control field 20211209000907.0
008 - FIXED-LENGTH DATA ELEMENTS--GENERAL INFORMATION
fixed length control field 140310s1980 nyu 000 1 eng
035 ## - SYSTEM CONTROL NUMBER
System control number (BD-RjUL)23174
040 ## - CATALOGING SOURCE
Original cataloging agency DLC
Transcribing agency DLC
Modifying agency DLC
-- BD-RjUL
Language of cataloging eng
041 ## - LANGUAGE CODE
Language code of text/sound track or separate title eng
082 ## - DEWEY DECIMAL CLASSIFICATION NUMBER
Classification number 895.73
Author mark and year SUT 1980
100 1# - MAIN ENTRY--PERSONAL NAME
Personal name Sun-wŏn, Hwang
Dates associated with a name 1915-
9 (RLIN) 71262
245 10 - TITLE STATEMENT
Title Trees on the cliff :
Remainder of title a novel of Korea and two stories /
Statement of responsibility, etc. Whang Sun-won ; translated by Chang Wang-rok.
260 ## - PUBLICATION, DISTRIBUTION, ETC. (IMPRINT)
Place of publication, distribution, etc. New York :
Name of publisher, distributor, etc. Larchwood Publications,
Date of publication, distribution, etc. c1980.
300 ## - PHYSICAL DESCRIPTION
Pagination 341 p. ;
Size 22 cm.
500 ## - GENERAL NOTE
General note Translated from Korean.
651 #0 - SUBJECT ADDED ENTRY--GEOGRAPHIC NAME
Geographic name Korea
General subdivision Fiction.
9 (RLIN) 71263
942 ## - ADDED ENTRY ELEMENTS (KOHA)
Source of classification or shelving scheme Dewey Decimal Classification
Koha item type Books
Holdings
Lost status Source of classification or shelving scheme Damaged status Not for loan Collection code Permanent Location Current Location Shelving location Date acquired Source of acquisition Total Checkouts Full call number Date last seen Copy number Koha item type
  Dewey Decimal Classification   Added to bundle Fiction Central Library, University of Rajshahi Central Library, University of Rajshahi Reading Room 30/07/1980 Korea   895.73 SUT 1980 10/03/2014 C-1 Books